European Capitals With Letter P In Their Name - Statistics

General Stats
  • This quiz has been taken 101 times
  • The average score is 6 of 7
Answer Stats
Answer % Correct
Paris
94%
Prague
92%
Budapest
87%
Pristina
87%
Copenhagen
85%
Podgorica
80%
Skopje
76%
No matching quizzes found
Score Distribution
Percent of People with Each Score
Percentile by Number Answered
Your Score History
You have not taken this quiz